Catálogo

Le Corbusier et le livre : (Registro nro. 26720)

Detalles MARC
000 -LEADER
fixed length control field 02667cam a2200505 i 4500
001 - CONTROL NUMBER
control field 26720
003 - CONTROL NUMBER IDENTIFIER
control field Mx-PuUPA
005 - DATE AND TIME OF LATEST TRANSACTION
control field 20250326095604.0
008 - FIXED-LENGTH DATA ELEMENTS--GENERAL INFORMATION
fixed length control field 140415s2000 sp ao fr 001 0 mul d
017 ## - COPYRIGHT OR LEGAL DEPOSIT NUMBER
Copyright or legal deposit number B. 11.418-05
020 ## - INTERNATIONAL STANDARD BOOK NUMBER
International Standard Book Number 8496185486
040 ## - CATALOGING SOURCE
Transcribing agency Mx-PuUPA
Original cataloging agency Mx-PuUPA
Language of cataloging spa
Modifying agency Mx-PuUPA
Description conventions rda
041 1# - LANGUAGE CODE
Language code of original fre
Language code of text/sound track or separate title cat
-- spa
-- eng
110 2# - MAIN ENTRY--CORPORATE NAME
Corporate name or jurisdiction name as entry element Col·legi d'Arquitectes de Catalunya,
Relator term autor
245 13 - TITLE STATEMENT
Title Le Corbusier et le livre :
Remainder of title les livres de Le Corbusier dans leurs editions origineles = Le Corbusier y el libro : las ediciones originales de los libros de Le Corbusier = Le Corbusier and the book : exhibition of Le Corbusier's first edition books = Le Corbusier i el llibre : Edicions originals dels llibres de Le Corbusier /
Statement of responsibility, etc. Col·legi D'Arquitectes de Catalunya ; Arnaud Dercelles, Fernando Marzá, Josep Quetglas, Catherine de Smet, [colaboradores] ; traducción, Viempi Tranlations, S.L., Dora Castro, Anna Campeny
246 31 - VARYING FORM OF TITLE
Title proper/short title Le Corbusier y el libro :
Remainder of title las ediciones originales de los libros de Le Corbusier
246 31 - VARYING FORM OF TITLE
Title proper/short title Le Corbusier and the book :
Remainder of title exhibition of Le Corbusier's first edition books
246 31 - VARYING FORM OF TITLE
Title proper/short title Le Corbusier i el llibre :
Remainder of title edicions originals dels llibres de Le Corbusier
264 #1 - PRODUCTION, PUBLICATION, DISTRIBUTION, MANUFACTURE, AND COPYRIGHT NOTICE
Place of production, publication, distribution, manufacture Barcelona, España :
Name of producer, publisher, distributor, manufacturer COAC,
Date of production, publication, distribution, manufacture, or copyright notice [2005?]
300 ## - PHYSICAL DESCRIPTION
Extent 199 páginas :
Other physical details ilustraciones, fotografías (principalmente a color) ;
Dimensions 24 cm
336 ## - CONTENT TYPE
Fuente rdacontent
Content type term texto
Content type code txt
337 ## - MEDIA TYPE
Source rdamedia
Media type term sin medio
Media type code n
338 ## - CARRIER TYPE
Source rdacarrier
Carrier type term volumen
Carrier type code nc
500 ## - GENERAL NOTE
General note Títulos propiamente dichos en español, inglés y catalán tomados de la página [4].
546 ## - LANGUAGE NOTE
Language note Texto en múltiples idiomas: francés, español, inglés y catalán.
600 04 - SUBJECT ADDED ENTRY--PERSONAL NAME
Personal name Le Corbusier
Chronological subdivision (1887-1956)
600 04 - SUBJECT ADDED ENTRY--PERSONAL NAME
Personal name Le Corbusier, 1887-1965
General subdivision Bibliografía
Form subdivision Catálogos
600 04 - SUBJECT ADDED ENTRY--PERSONAL NAME
Personal name Le Corbusier, 1887-1965
General subdivision Bibliografías
-- Primeras ediciones
650 #7 - SUBJECT ADDED ENTRY--TOPICAL TERM
Topical term or geographic name entry element Bibliografías
Source of heading or term armarc
Form subdivision Catálogos
650 #7 - SUBJECT ADDED ENTRY--TOPICAL TERM
Topical term or geographic name entry element Bibliotecas privadas
Source of heading or term armarc
700 1# - ADDED ENTRY--PERSONAL NAME
Personal name Dercelles, Arnaud,
Relator term colaborador
700 1# - ADDED ENTRY--PERSONAL NAME
Personal name Marzá, Fernando,
Relator term colaborador
700 1# - ADDED ENTRY--PERSONAL NAME
Personal name Quetglás, Josep,
Relator term colaborador
700 10 - ADDED ENTRY--PERSONAL NAME
Personal name Smet, Catherine,
Relator term colaborador
700 10 - ADDED ENTRY--PERSONAL NAME
Personal name Castro, Dora,
Relator term traductor
700 10 - ADDED ENTRY--PERSONAL NAME
Personal name Campeny, Anna,
Relator term traductor
710 1# - ADDED ENTRY--CORPORATE NAME
Corporate name or jurisdiction name as entry element Viempi Translations, S. L.,
Relator term traductor
710 1# - ADDED ENTRY--CORPORATE NAME
Corporate name or jurisdiction name as entry element Col·legi Oficial d’Arquitectes de les Illes Balears
Relator term expositor
710 1# - ADDED ENTRY--CORPORATE NAME
Corporate name or jurisdiction name as entry element Fundación COAM
Relator term expositor
710 1# - ADDED ENTRY--CORPORATE NAME
Corporate name or jurisdiction name as entry element Colegio Oficial de Arquitectos de Cádiz
Relator term expositor
942 ## - ADDED ENTRY ELEMENTS (KOHA)
Source of classification or shelving scheme Dewey Decimal Classification
Koha item type Libro
Classification part 011
Item part C78
Existencias
Withdrawn status Lost status Source of classification or shelving scheme Damaged status Not for loan Collection code Home library Current library Shelving location Date acquired Source of acquisition Cost, normal purchase price Total Checkouts Full call number Barcode Date last seen Copy number Cost, replacement price Price effective from Koha item type
    Dewey Decimal Classification     General Biblioteca Karol Wojtyla Biblioteca Karol Wojtyla Sala general 03/12/2013 Donación 0.00   011 C78 2005 49650 05/01/2026 Ej. 2 0.00 03/12/2013 Libro
    Dewey Decimal Classification     General Biblioteca Karol Wojtyla Biblioteca Karol Wojtyla Sala general 03/12/2013 Donación 0.00   011 C78 2005 49649 05/01/2026   0.00 03/12/2013 Libro